000 00650nas a2200229 4500
001 BR8700954
003 BR-BrBNA
005 20231205090553.0
007 ta
008 230509b bl.|||p| |||| 00| 00por d
040 _aBR-BrBNA
_bpor
_cBiblioteca Nacional de Agricultura
041 _a(Pt)
072 _aE70
100 1 _aLage, N.
245 1 _aA propaganda como incentivo ao consumo interno
650 _aCAFE
650 _aPROPAGANDA
650 _aCONSUMO
773 0 _tRevista do Comercio de Cafe (Brazil)
_xISSN 0034-9224
_g(Jun 1984), v. 64(697) p. 10-17
_wBR8700954
909 _a202311
_bLúcia
_c55
_dLúcia Elande
942 _2AGRIS
_n0
_cANA
999 _c119408
_d119408